[Event "EU-ch Seniors 65 16th"]
[Site "Yerevan"]
[Date "2016.06.09"]
[Round "5"]
[White "Manukyan, Aleksan"]
[Black "Pashayan, Genrikh"]
[Result "1/2-1/2"]
[WhiteElo "2190"]
[BlackElo "1936"]
[PlyCount "20"]
[EventDate "2016.06.05"]
[EventType "swiss"]
[EventRounds "9"]
[EventCountry "ARM"]
[SourceTitle "CBM 172 Extra"]
[Source "ChessBase"]
[SourceDate "2016.06.21"]
[SourceVersion "1"]
[SourceVersionDate "2016.06.21"]
[SourceQuality "1"]

1. d4 d5 2. c4 e6 3. Nc3 Nf6 4. Nf3 Be7 5. e3 0-0 6. Ne5 a6 7. a3 dxc4 8. Bxc4 b5 9. Bd3 Bb7 10. 0-0 Nbd7 1/2-1/2

[Event "Wch Seniors 16th"]
[Site "Arvier"]
[Date "2006.09.14"]
[Round "4"]
[White "Manukyan, Aleksan"]
[Black "Arkhangelsky, Boris Nikolaevich"]
[Result "0-1"]
[WhiteElo "2195"]
[BlackElo "2395"]
[PlyCount "52"]
[EventDate "2006.09.11"]
[EventType "swiss"]
[EventRounds "11"]
[EventCountry "ITA"]
[SourceTitle "CBM 114 Extra"]
[Source "ChessBase"]
[SourceDate "2006.11.03"]
[SourceVersion "1"]
[SourceVersionDate "2006.11.03"]
[SourceQuality "1"]

1. d4 d5 2. Bf4 c6 3. Nd2 Nf6 4. e3 Bf5 5. Bd3 e6 6. Bxf5 exf5 7. Ne2 Nbd7 8. c4 Be7 9. Qc2 g6 10. Nc3 Nb6 11. c5 Nbd7 12. b4 Nh5 13. Bh6 Bg5 14. Bxg5 Qxg5 15. 0-0 0-0 16. b5 Qf6 17. Nb3 f4 18. e4 dxe4 19. Nxe4 Qf5 20. bxc6 bxc6 21. Na5 f3 22. Rfc1 Rfe8 23. gxf3 Qxf3 24. Nd2 Qg4+ 25. Kh1 Re2 26. Qd3 Rxd2 0-1

[Event "Wch Seniors 16th"]
[Site "Arvier"]
[Date "2006.09.13"]
[Round "3"]
[White "Manukyan, Aleksan"]
[Black "Pipitone, Antonio"]
[Result "1-0"]
[WhiteElo "2195"]
[BlackElo "1993"]
[PlyCount "57"]
[EventDate "2006.09.11"]
[EventType "swiss"]
[EventRounds "11"]
[EventCountry "ITA"]
[SourceTitle "CBM 114 Extra"]
[Source "ChessBase"]
[SourceDate "2006.11.03"]
[SourceVersion "1"]
[SourceVersionDate "2006.11.03"]
[SourceQuality "1"]

1. d4 Nf6 2. Bg5 Ne4 3. Bf4 c5 4. f3 Nf6 5. d5 d6 6. c4 g6 7. Qd2 h5 8. e4 Nbd7 9. Nc3 Bg7 10. Nh3 h4 11. Bg5 Ne5 12. Ng1 Ng8 13. h3 Bf6 14. Bxf6 Nxf6 15. f4 Ned7 16. Nf3 Qa5 17. Bd3 a6 18. e5 dxe5 19. fxe5 Nh5 20. e6 fxe6 21. Bxg6+ Kf8 22. 0-0 Ndf6 23. Nxh4 exd5 24. Qxd5 e6 25. Qg5 Qd8 26. Rad1 Bd7 27. Bxh5 Rxh5 28. Rxf6+ Ke8 29. Qxh5+ 1-0